[Event "Werther Schloss op-B 10th"]
[Site "Werther"]
[Date "2004.04.04"]
[Round "4"]
[White "Bruckmann, Thomas"]
[Black "Boehling, Michael"]
[Result "1/2-1/2"]
[WhiteElo "1554"]
[BlackElo "1612"]
[PlyCount "80"]
[EventDate "2004.04.02"]
[EventType "swiss"]
[EventRounds "5"]
[EventCountry "GER"]
[SourceTitle "EXT 2006"]
[Source "ChessBase"]
[SourceDate "2005.11.24"]
[SourceVersion "1"]
[SourceVersionDate "2005.11.24"]
[SourceQuality "1"]

1. Nf3 Nf6 2. g3 d5 3. c4 e6 4. b3 Be7 5. Bb2 0-0 6. Bg2 c5 7. 0-0 Nc6 8. d3 b6 9. Nbd2 Bb7 10. e4 d4 11. Ba3 Rb8 12. Qc2 e5 13. Nh4 Bc8 14. Nhf3 Bd7 15. Rab1 Qc8 16. Ra1 Bh3 17. Rac1 Bxg2 18. Kxg2 h6 19. Nh4 Qd7 20. Nf5 Bd6 21. Nxd6 Qxd6 22. Nf3 Rbc8 23. Qd2 Nh7 24. h3 f5 25. exf5 Rxf5 26. Qe2 Rcf8 27. Nd2 Qc7 28. Ne4 R5f7 29. Rc2 Nf6 30. Nxf6+ Rxf6 31. Qe4 Qb7 32. f3 R6f7 33. Rcf2 Qc7 34. Bc1 Nb4 35. a3 Nc6 36. Qd5 Rd8 37. Qe6 Qd7 38. Qg6 Rf6 39. Qe4 Rdf8 40. g4 R6f7 1/2-1/2